Сонеты по псалмам Давида (Запись № 12782312)

Подробности
000 -МАРКЕР
контрольное поле 02669nam0a2200397 4500
001 - ИДЕНТИФИКАТОР ЗАПИСИ
контрольное поле RU\NLR\BIBL_A\016236031
005 - ИДЕНТИФИКАТОР ВЕРСИИ
контрольное поле 20230209102000.0
010 ## - МЕЖДУНАРОДНЫЙ СТАНДАРТНЫЙ НОМЕР КНИГИ (ISBN)
Номер (ISBN) 978-5-4225-0285-3
Тираж 220
021 ## - НОМЕР ГОСУДАРСТВЕННОЙ РЕГИСТРАЦИИ
Код страны Российская Федерация
Номер КН-П-22-082045
Номер Листа государственной регистраци КН-П-22-7211
035 ## - ДРУГИЕ СИСТЕМНЫЕ НОМЕРА
Идентификатор записи (NLR Aleph) 016236031
035 ## - ДРУГИЕ СИСТЕМНЫЕ НОМЕРА
Идентификатор записи (RuMoRGB)011389740
100 ## - ДАННЫЕ ОБЩЕЙ ОБРАБОТКИ
Данные общей обработки 20221212d2022 u y0rusy50 ca
101 0# - ЯЗЫК РЕСУРСА
Язык текста, звукозаписи и т.д. русский
102 ## - СТРАНА ПУБЛИКАЦИИ ИЛИ ПРОИЗВОДСТВА
Страна публикации Российская Федерация
105 ## - ПОЛЕ КОДИРОВАННЫХ ДАННЫХ: ТЕКСТОВЫЕ МАТЕРИАЛЫ, МОНОГРАФИЧЕСКИЕ
Кодированные данные о монографическом текстовом документе y z 000gy
181 #1 - ПОЛЕ КОДИРОВАННЫХ ДАННЫХ: ВИД СОДЕРЖАНИЯ
Код вида содержания (ISBD) i3
Код характеристики содержания (ISBD) axxe
182 #1 - ПОЛЕ КОДИРОВАННЫХ ДАННЫХ: ТИП СРЕДСТВА
Код типа средства (ISBD) n - непосредственное
200 1# - ЗАГЛАВИЕ И СВЕДЕНИЯ ОБ ОТВЕТСТВЕННОСТИ
Основное заглавие Сонеты по псалмам Давида
Сведения, относящиеся к заглавию переложения
Первые сведения об ответственности Елизавета Дейк
203 ## - ВИД СОДЕРЖАНИЯ И ТИП СРЕДСТВА
Вид содержания Текст
Дополнительные сведения об издании визуальный
Тип средства непосредственный
210 ## - ПУБЛИКАЦИЯ, РАСПРОСТРАНЕНИЕ И ДР.
Место издания, распространения и т.д. Москва
Имя издателя, распространителя и т. д. Академика
Дата издания, распространения и т.д. 2022
215 ## - ФИЗИЧЕСКАЯ ХАРАКТЕРИСТИКА
Специфическое обозначение материала и объем 182, [1] с.
Размеры 17
300 ## - ОБЩИЕ ПРИМЕЧАНИЯ
Текст примечания Над вып. дан. авт.: Елизавета Владимировна Дейкина (Елизавета Дейк)
320 ## - ПРИМЕЧАНИЯ О НАЛИЧИИ В ДОКУМЕНТЕ БИБЛИОГРАФИИ / УКАЗАТЕЛЯ
Текст примечания Др. произведения авт. на 4-й с. обл.
330 ## - РЕЗЮМЕ ИЛИ РЕФЕРАТ
Текст примечания В книгу вошли поэтические переложения Псалтири, в совокупности составляющие полный цикл. Обращение к твердой форме сонета увеличивает сложность решаемой задачи, когда неизбежное самоограничение автора переложений многократно возрастает, в том числе в силу различий объема отдельных песен. Тем не менее Елизавета Дейк не только успешно продолжила животворную традицию духовной русской поэзии, но и смогла найти свою неповторимую лирическую интонацию, являющуюся результатом глубокого личного проживания и философского осмысления ярчайшего человеческого документа, по-прежнему современного
500 10 - УНИФИЦИРОВАННОЕ ЗАГЛАВИЕ
Унифицированное заглавие Библия
Наименование раздела или части В.З.
-- Псалтирь
Сведения, относящиеся к заглавию/сведения о виде, жанре, характере документа Переработки
Идентификатор авторитетной / нормативной записи RU\NLR\AUTH\5510622
605 ## - ЗАГЛАВИЕ КАК ПРЕДМЕТ
Начальный элемент ввода Псалтирь
Тематический подзаголовок в художественной литературе
Код системы nlr_sh1
-- nlr_sh2
Идентификатор авторитетной/нормативной записи RU\NLR\AUTH\66917082
686 1# - ИНДЕКСЫ ДРУГИХ КЛАССИФИКАЦИЙ
Индекс Э37-210.913
686 2# - ИНДЕКСЫ ДРУГИХ КЛАССИФИКАЦИЙ
Индекс Ш6(2=Р)8-53
700 #1 - ИМЯ ЛИЦА - ПЕРВИЧНАЯ ОТВЕТСТВЕННОСТЬ
Начальный элемент ввода Дейк
Часть имени, кроме начального элемента ввода Е. В.
Даты 1941-
Расширение инициалов личного имени Елизавета Владимировна
Идентификатор авторитетной/нормативной записи RU\NLR\AUTH\7710273
942 ## - ДОПОЛНИТЕЛЬНЫЕ ЭЛЕМЕНТЫ ЗАПИСИ (АБИС)
Тип экземпляра АБИС Книга
980 ## - КОЛЛЕКЦИЯ
Название коллекции Национальная библиография
Экземпляры
Тип экземпляра Дата поступления Источник поступления Библиотека постоянного хранения Библиотека текущего хранения Место хранения Шифр хранения Штрих-код Статус экземпляра
Книга 12.12.2022 Обязательный экземпляр РНБ (Московский) РНБ (Московский) Русский книжный фонд: издания с 1957 года 2022-2/2953 1-4085627  
Книга 12.12.2022 Обязательный экземпляр РНБ (Московский) РНБ (Московский) Русский книжный фонд: издания с 1957 года 2022-2/2953 1-4085623